| 000 | 01077nabaa22001937a 4500 | ||
|---|---|---|---|
| 999 |
_c6147 _d6147 |
||
| 003 | OSt | ||
| 005 | 20260122235608.0 | ||
| 008 | 190701b xxu||||| |||| 00| 0 spa d | ||
| 040 | _cPJ | ||
| 100 |
_96286 _aDuizeide, Santiago G. |
||
| 245 | 1 | 3 |
_aLa motivación como elemento de control de la discrecionalidad en el ámbito de la Administración /
_cSantiago G. Duizeide. |
| 300 | _ap. 73-82 | ||
| 505 | _aSumario: I. Introducción.— II. El acto administrativo.— III. La motivación.— IV. Las facultades discrecionales de la Administración.— V. No confundir discrecionalidad con arbitrariedad.— VI. La importancia de la motivación y su mayor observancia en la discrecionalidad administrativa.— VII. Reflexiones finales. | ||
| 505 | _t¿Te interesa el texto completo? Comunicate al correo: koha@justierradelfuego.gov.ar | ||
| 650 | 0 |
_9211 _aDERECHO ADMINISTRATIVO |
|
| 650 | 0 |
_91171 _aACTO ADMINISTRATIVO |
|
| 773 | 0 |
_02842 _93251 _dBuenos Aires : AbeledoPerrot, 2012- _oDA121 _tDerecho administrativo. Nº 150 noviembre/diciembre 2023 _z18510590 |
|
| 942 |
_2udc _cANA |
||